| 000 | 00479nam a22001697a 4500 | ||
|---|---|---|---|
| 003 | MACL | ||
| 005 | 20160304141009.0 | ||
| 008 | 160304b xxu||||| |||| 00| 0 eng d | ||
| 040 | _cMACL | ||
| 041 | _aHindi | ||
| 082 | _a891.432 | ||
| 100 |
_aसत्येन्द्र शरत _942664 |
||
| 245 | _aकुंदमाला | ||
| 260 |
_aइलाहाबाद _bनीलाभ प्रकाशन गृह |
||
| 650 |
_aDrama _942665 |
||
| 942 |
_2ddc _cHIN |
||
| 999 |
_c53464 _d53464 |
||